Источники ионизирующих излучений: [учебное пособие]

Dades bibliogràfiques
Autor principal: Ободовский И. М. Илья Михайлович
Sumari:Все живое на Земле погружено в океан ионизирующих излучений. Жизнь возникла, развивалась и достигла современного состояния в условиях облучения и продолжает существовать, всегда погруженная в этот океан. Эти излучения падают на поверхность Земли из космоса и поступают от веществ, находящихся в земной коре, в окружающих нас строениях, в пище, воде, воздухе и даже в нашем теле. После открытия рентгеновского излучения и радиоактивности начался активный период разработки, изготовления и использования все новых источников и чрезвычайно широкого их использования. В книге описаны разнообразные источники ионизирующих излучений: естественные и искусственные, радионуклидные, ускорители и реакторы. Рассмотрены многие варианты их использования. Особое внимание обращено на медицинские применения. Указаны дозовые нагрузки в различных случаях работы с источниками. Приведены примеры случайных и преднамеренных переоблучений. Тем не менее, сравнение разнообразных сфер человеческой деятельности показывает, что работа с источниками ионизирующих излучений в настоящее время — одна из самых безопасных.
Idioma:rus
Publicat: Долгопрудный, Интеллект, 2016
Matèries:
Format: MixedMaterials Llibre
KOHA link:https://koha.lib.tpu.ru/cgi-bin/koha/opac-detail.pl?biblionumber=318990

MARC

LEADER 00000nam0a2200000 4500
001 318990
005 20231102003132.0
010 |a 9785915592208 
035 |a (RuTPU)RU\TPU\book\344495 
090 |a 318990 
100 |a 20160516d2016 m y0rusy50 ca 
101 0 |a rus 
102 |a RU 
105 |a a j 001zy 
200 1 |a Источники ионизирующих излучений  |e [учебное пособие]  |f И. М. Ободовский 
210 |a Долгопрудный  |c Интеллект  |d 2016 
215 |a 142 с.  |c ил. 
320 |a Библиогр.: с. 137-142 
330 |a Все живое на Земле погружено в океан ионизирующих излучений. Жизнь возникла, развивалась и достигла современного состояния в условиях облучения и продолжает существовать, всегда погруженная в этот океан. Эти излучения падают на поверхность Земли из космоса и поступают от веществ, находящихся в земной коре, в окружающих нас строениях, в пище, воде, воздухе и даже в нашем теле. После открытия рентгеновского излучения и радиоактивности начался активный период разработки, изготовления и использования все новых источников и чрезвычайно широкого их использования. В книге описаны разнообразные источники ионизирующих излучений: естественные и искусственные, радионуклидные, ускорители и реакторы. Рассмотрены многие варианты их использования. Особое внимание обращено на медицинские применения. Указаны дозовые нагрузки в различных случаях работы с источниками. Приведены примеры случайных и преднамеренных переоблучений. Тем не менее, сравнение разнообразных сфер человеческой деятельности показывает, что работа с источниками ионизирующих излучений в настоящее время — одна из самых безопасных. 
606 1 |a Ионизирующие излучения  |x Источники  |x Ядерная техника  |2 stltpush  |3 (RuTPU)RU\TPU\subj\13055  |9 39737 
610 1 |a радиоактивные нуклиды 
610 1 |a ускорители 
610 1 |a ядерные реакторы 
610 1 |a нейтроны 
610 1 |a генераторы 
610 1 |a антропогенный радиационный фон 
610 1 |a естественный радиационный фон 
610 1 |a медицинская радиационная диагностика 
610 1 |a радиационная терапия 
610 1 |a радиационная безопасность 
610 1 |a учебные пособия 
675 |a 621.039.8(075.8)  |v 4 
700 1 |a Ободовский  |b И. М.  |g Илья Михайлович 
801 1 |a RU  |b 63413507  |c 20160516 
801 2 |a RU  |b 63413507  |c 20191029  |g RCR 
942 |c BK 
959 |a 8/20170502  |d 1  |e 0  |f ЧЗТЛ:1